Informe de labores 1986

محفوظ في:
التفاصيل البيبلوغرافية
المؤلف الرئيسي: Mazón González, Ismael, 1954-
التنسيق: كتاب
اللغة:Spanish
منشور في: [San José, Costa Rica] : Universidad de Costa Rica, [Facultad de Ingeniería], Instituto de Investigaciones en Ingeniería [1987]
الوسوم: إضافة وسم
لا توجد وسوم, كن أول من يضع وسما على هذه التسجيلة!

MARC

LEADER 00000nam a2200000Ia 4500
003 MV0242
005 20240417113824.0
008 140114s1987 cr a 000 ||spa d
040 |c cru CEDI  
100 |a Mazón González, Ismael, 1954-  |9 1712 
245 |a Informe de labores 1986 
260 |a [San José, Costa Rica] : Universidad de Costa Rica, [Facultad de Ingeniería], Instituto de Investigaciones en Ingeniería  |c [1987] 
500 |a Informe INI-31-87 
942 |c MV  |h MV 242  |i MV0242  |6 MV_242_000000000000000_MV0242 
999 |c 13124  |d 13124